| 000 | 01393nam2a2200337 4500 | ||
|---|---|---|---|
| 001 | RU\NLR\bibl\431086 | ||
| 005 | 20250622180752.0 | ||
| 021 |
_aRU _b2003-31523 _91489 |
||
| 035 | _a(NLR Aleph) 000424942 | ||
| 090 |
_a718449 _c718449 |
||
| 100 | _a20030811d2002 |||y0rusy50 ca | ||
| 101 | 0 | _arus | |
| 102 | _aRU | ||
| 105 | _aa ||||||||| | ||
| 200 | 0 | _aВып. 3 | |
| 210 |
_d2002 _aБ. м. |
||
| 215 |
_a292 с. _cил. |
||
| 320 | _aБиблиогр. в подстроч. примеч. | ||
| 461 | 0 |
_1001RU\NLR\bibl\178143 _12001#$aНаучный экономический поиск$vВып. 3 _91008291 _cЯрославль _d2000 _fМ-во образования Рос. Федерации, Яросл. гос. ун-т им. П.Г. Демидова. Экон. фак. _nЯрГУ _oМатериалы конф. молодых ученых и аспирантов _tНаучный экономический поиск _vВып. 3 |
|
| 606 | 0 |
_aЭкономический потенциал _jСъезды, совещания и т.п. _91518433 _3RU\NLR\auth\66659866 |
|
| 610 | 0 | _aЭкономика | |
| 675 |
_a33(082) _v3 _zrus |
||
| 686 |
_a06 _2rugasnti |
||
| 686 |
_a65 _2rubbk |
||
| 686 | _aУ9(2)-961-314(2Р)я431 | ||
| 801 | 0 |
_aRU _bRKP _c20030811 _gPSBO |
|
| 801 | 1 |
_aRU _bRKP _c20030811 |
|
| 801 | 2 |
_aRU _bNLR _c20120202 _grcr |
|
| 942 | _cBOOK | ||
| 980 | _aNB | ||